Les XI's des équipes "sensations" en ligue des champions - Statistiques

Statistiques générales
  • Ce quiz a été pris 113 fois
  • Le résultat moyen est 70 sur 120
Statistiques - réponses
Equipe / Année / Parcours Poste Nationalité Joueur % Correct
- Attaquant Bosnie-Herzégovine Edin Dzeko
89%
- Attaquant Argentine Lautaro Martinez
87%
- Défenseur France Benjamin Mendy
86%
- Milieu Portugal Bernardo Silva
86%
- Gardien Sénégal Edouard Mendy
86%
- Attaquant Colombie Jackson Martinez
86%
- Attaquant France Kylian Mbappé
86%
- Attaquant Colombie Radamel Falcao
86%
- Gardien Portugal Anthony Lopes
84%
- Milieu Brésil Fabinho
84%
- Défenseur Brésil Thiago Silva
84%
- Gardien Cameroun André Onana
83%
- Défenseur Pologne Kamil Glik
82%
- Defenseur Pays-bas Matthijs de Ligt
82%
- Attaquant Pays-bas Memphis Depay
82%
- Gardien Croatie Danijel Subasic
81%
- Milieu Allemagne Kai Havertz
81%
- Milieu France Ngolo Kante
81%
- Milieu Italie Nicolo Barella
81%
- Milieu Pays-bas Frenkie de Jong
80%
Chelsea2020-2021 / Vainqueur Entraineur Allemagne Thomas Tuchel
80%
- Défenseur France Djibril Sidibé
79%
- Milieu Italie Jorginho
79%
- Défenseur Allemagne Antonio Rudiger
78%
- Milieu Serbie Dusan Tadic
78%
- Attaquant Maroc Hakim Ziyech
78%
- Attaquant Cameroun Karl Toko Ekambi
78%
- Défenseur Italie Alessandro Bastoni
76%
- Défenseur Pays-bas Denzel Dumfries
76%
- Défenseur Belgique Jason Denayer
76%
- Attaquant Allemagne Timo Werner
76%
- Défenseur Espagne César Azpilicueta
74%
- Défenseur Allemagne Mats Hummels
74%
- Défenseur Italie Frederico Dimarco
73%
- Milieu Algérie Houssem Aouar
73%
- Attaquant Angleterre Jadon Sancho
73%
- Defenseur Argentine Nicolas Tagliafico
73%
- Defenseur Maroc Noussair Mazraoui
73%
- Défenseur Angleterre Reece James
73%
- Milieu France Thomas Lemar
73%
- Milieu Turquie Hakan Calhanoglu
72%
- Milieu Portugal Joao Moutinho
72%
- Milieu Croatie Marcelo Brozovic
72%
- Milieu Autriche Marcel Sabitzer
72%
- Milieu Angleterre Mason Mount
72%
- Attaquant Cote d'ivoire Maxwell Cornet
72%
- Gardien Brésil Alisson
71%
- Gardien Suisse Gregor Kobel
71%
Inter Milan2022-2023 / Finale Entraineur Italie Simone Inzaghi
69%
- Défenseur Grèce Konstantinos Manolas
68%
- Attaquant Brésil David Neres
67%
- Attaquant Allemagne Karim Adeyemi
67%
AS Monaco2016-2017 / Demi-finale Entraineur Portugal Leonardo Jardim
67%
Olympique Lyonnais2019-2020 / Demi-finale Entraineur France Rudi Garcia
67%
- Attaquant Allemagne Niclas Fullkrug
66%
- Défenseur Angleterre Ben Chilwell
64%
- Milieu Brésil Bruno Guimaraes
64%
- Milieu France Francis Coquelin
64%
- Attaquant Danemark Kasper Dolberg
64%
- Défenseur Brésil Marcal
64%
- Milieu France Maxence Caqueret
64%
- Milieu Allemagne Emre Can
63%
Ajax Amsterdam2018-2019 / Demi-finale Entraineur Pays-bas Erik Ten Hag
63%
- Défenseur Italie Francesco Acerbi
63%
- Defenseur Pays-bas Daley Blind
62%
- Milieu Italie Daniele de Rossi
62%
- Gardien Argentine Geronimo Rulli
62%
- Défenseur Allemagne Nico Schlotterbeck
62%
- Défenseur Brésil Jemerson
61%
- Milieu France Etienne Capoue
60%
- Défenseur Pays-bas Ian Maatsen
59%
- Milieu Allemagne Julian Brandt
59%
- Défenseur Brésil Marcelo
58%
- Défenseur Serbie Aleksandar Kolarov
57%
- Milieu Pays-bas Donny Van de Beek
57%
Villareal2021-2022 / Demi-finale Entraineur Espagnol Unai Emery
57%
- Attaquant Espagne Gerard Moreno
54%
- Attaquant République tchèque Patrik Schick
54%
- Milieu Belgique Radja Nainggolan
52%
- Défenseur France Léo Dubois
51%
- Milieu Espagne Dani Parejo
50%
- Défenseur Norvège Julian Ryerson
48%
- Défenseur Italie Matteo Darmian
48%
- Défenseur Italien Alessandro Florenzi
47%
- Défenseur Argentine Juan Foyth
47%
- Défenseur Suisse Ricardo Rodriguez
46%
Borussia Dortmund2023-2024 / Finale Entraineur Allemagne Edin Terzic
42%
- Attaquant Algérie Yacine Brahimi
42%
- Milieu France Joshua Guilavogui
41%
- Défenseur Equateur Pervis Estupinan
41%
- Attaquant Pays-bas Arnaut Danjuma
39%
- Attaquant Allemagne Julian Draxler
39%
- Milieu Italie Lorenzo Pellegrini
38%
- Défenseur Espagne Raul Albiol
38%
- Milieu Argentine Giovani Lo Celso
36%
- Défenseur Espagne Pau Torres
33%
- Attaquant Italie Stephan El Shaarawy
33%
- Défenseur Brésil Dante
32%
- Milieu Brésil Luiz Gustavo
32%
- Milieu Espagne Oliver Torres
32%
- Défenseur Argentine Frederico Fazio
31%
- Défenseur Brésil Naldo
30%
- Gardien Suisse Diego Benaglio
29%
- Milieu Mexique Hector Herrera
29%
- Défenseur Pays-bas Bruno Martins Indi
20%
- Défenseur Brésil Danilo
19%
- Attaquant Allemagne Andre Schurrle
18%
- Milieu Allemagne Maximilian Arnold
18%
- Attaquant Portugal Ricardo Quaresma
17%
- Milieu Brésil Casemiro
14%
- Défenseur Portugal Vieirinha
12%
- Défenseur Brésil Alex Sandro
11%
AS Rome2017-2018 / Demi-finale Entraineur Italien Eusebio Di Francesco
10%
FC Porto2014-2015 / Quart de finale Entraineur Espagne Julen Lopetegui
8%
- Attaquant Brésil Bruno Henrique
7%
Vfl Wolfsbourg2015-2016 / Quart de finale Entraineur Allemagne Dieter Hecking
2%
- Gardien Brésil Fabiano
2%
- Défenseur Brésil Maicon
2%
Aucun quiz correspondant
Distribution des résultats
% des personnes avec chaque résultat
Percentile par nombre de réponses
Votre historique - résultats
Vous n’avez pas pris ce quiz